Matričnyj processor EC - 2345 principy raboty i programmnoje obespečenije

Na minha lista:
Detalhes bibliográficos
Autor principal: Semerdžjan, Migran Aramovič
Outros Autores: Nalbanjan, Žanetta Samsonovna
Formato: Livro
Idioma:russo
Publicado em: Moskva Finansy i statistika 1984
Tags: Adicionar Tag
Sem tags, seja o primeiro a adicionar uma tag!

MARC

LEADER 00000nam a2200000 4500
001 c111618
005 20041019155150.3
041 0 |a rus 
044 |a RU 
245 1 0 |a Matričnyj processor EC - 2345  |b principy raboty i programmnoje obespečenije  |c Migran Aramovič Semerdžjan, Žanetta Samsonovna Nalbanjan 
264 1 |a Moskva  |b Finansy i statistika  |c 1984 
300 |a 130 s. 
100 1 |a Semerdžjan, Migran Aramovič 
700 1 |a Nalbanjan, Žanetta Samsonovna